Building internet applications with visual C++
Αποθηκεύτηκε σε:
| Κύριος συγγραφέας: | |
|---|---|
| Μορφή: | Βιβλίο |
| Γλώσσα: | English |
| Δημοσίευση: |
Indianapolis :
Que,
c1994
|
| Θέματα: | |
| Ετικέτες: |
Προσθήκη ετικέτας
Δεν υπάρχουν, Καταχωρήστε ετικέτα πρώτοι!
|
MARC
| LEADER | 00000nam a2200000 i 4500 | ||
|---|---|---|---|
| 001 | 1/47334 | ||
| 008 | 980119s1994 eng d | ||
| 020 | |a 0-7897-0213-4 | ||
| 035 | |l 10026480 | ||
| 040 | |a GR-MY-UA |b gre |e aacr | ||
| 041 | 0 | |a eng | |
| 082 | 0 | |a 004.67 |2 (21) | |
| 100 | 1 | |a Gregory, Kate. | |
| 245 | 1 | 0 | |a Building internet applications with visual C++ / |c Kate Gregory..[et.al.] |
| 260 | |a Indianapolis : |b Que, |c c1994 | ||
| 300 | |a xvi, 459 σ. |e 1 οπτική δισκέτα λέϊζερ (4 3/4 ίν.) | ||
| 504 | |a Περιλαμβάνει ευρετήριο | ||
| 650 | 0 | 0 | |a Internet |x Computer programms. |
| 852 | |a INST |b CHIOS |e 19980119 |h 004.67 BUI |p 005200010098 |q 005200010098 |t BK |y 0 | ||
| 852 | |a INST |b CHIOS |e 20000906 |h 004.67 BUI |p 005200014105 |q 005200014105 |t BK |y 0 | ||
| 901 | |a BIBL-1998-1 | ||
| 909 | |a Χ |b 052569 | ||
| 909 | |a Χ |b 076134 | ||
| 922 | |a 2ΕΛΗ |b 199712 |c ΣΑΚΕΛΛΑΡΙΔΗΣ |d ΠΑΠΑΣΩΤΗΡΙΟΥ | ||
| 970 | |a ΣΑΛΑΜΟΥΡΑ |b ΜΑΡΙΑ |z 2000/09/06 | ||